[Event "Teplice Open 2019"]
[Site "Teplice"]
[Date "2019.06.15"]
[Round "1.1"]
[White "Berkes, Ferenc"]
[Black "Kusa, Jakub"]
[Result "1-0"]
[WhiteElo "2675"]
[BlackElo "2134"]
[Annotator "TA"]
[PlyCount "109"]
[EventDate "2019.06.15"]
[EventType "swiss"]
[EventCountry "CZE"]
[SourceTitle "playchess.com"]
[Source "ChessBase"]
[SourceQuality "1"]

{[%evp 14,109,8,10,18,18,20,14,10,12,10,8,19,9,43,10,10,10,10,15,11,7,13,0,22,-6,-6,-3,0,0,0,0,0,-3,67,74,98,91,95,93,117,103,103,103,102,106,99,104,126,138,120,86,90,89,101,90,95,95,181,184,183,177,187,188,193,191,189,190,198,187,187,177,331,226,359,827,29950,7216,29943,6091,29963,29963,29968,29969,29969,29970,29967,29970,29970,29972,29978,29975,29975,29976,29976,29977,29977,29976]} 1. d4 Nf6 2. c4 e6 3. Nc3 d5 4. Bg5 Be7 5. e3 Nbd7 6. Rc1 O-O 7. Nf3 h6 8. Bh4 c5 {D63: Queen's Gambit Declined: Classical: 7 Rc1} 9. dxc5 dxc4 (9... Nxc5 10. cxd5 g5 11. Bg3 Nxd5 12. Nxd5 Qxd5 13. Qxd5 exd5 14. Nd4 Bd7 15. Be2 Rac8 16. O-O {½-½ (31) Ivanchuk,V (2710)-Yu,Y (2765) Batumi 2018}) 10. c6 bxc6 {The position is equal.} 11. Bxc4 Nb6 12. Bd3 Bb7 13. O-O Nbd5 $146 ({Predecessor:} 13... c5 14. Qe2 Nh5 15. Bxe7 Qxe7 16. Nd2 {½-½ (28) Maiorov,N (2543)-Kanmazalp,O (2471) Budapest 2018}) 14. Qe2 Nxc3 15. Rxc3 Nd5 16. Rb3 Bxh4 17. Rxb7 Bf6 18. Bb1 g6 (18... Qc8 {is interesting.} 19. Rb3 Qc7 20. Qc2 g6 21. a3 c5) 19. Qc2 Qc8 20. Rb3 $1 Rb8 (20... Qc7 {feels hotter.} 21. a3 Rfb8 22. Ba2 c5 23. Nd2 c4) 21. e4 Rxb3 22. Qxb3 Nb6 23. h4 e5 (23... Qc7 $11) 24. Rc1 $14 c5 25. Qe3 Kg7 26. Rxc5 Qg4 27. Bc2 Rc8 {With the idea ...Nc4.} 28. b4 Be7 29. Rxc8 ({Don't blunder} 29. Rxe5 $2 Nc4 $1 $19 {[%mdl 512]}) 29... Qxc8 30. Bb3 Qc7 31. Qd2 Qd6 32. Qxd6 Bxd6 $16 {[%mdl 4096] Endgame KBN-KBN} 33. a3 Kf6 34. Kf1 Nc8 35. Ke2 a5 (35... Bc7 $16) 36. bxa5 $18 Bxa3 37. Ne1 Bb4 38. a6 Ke7 39. Nc2 Bc5 40. Ne3 h5 41. Kd3 Nd6 42. f3 f5 $2 (42... Kd7 43. g4 Kc8) 43. Nc4 Nxc4 (43... fxe4+ $142 44. fxe4 Nxc4) 44. Kxc4 {KB-KB} Kd6 {[#]} 45. f4 $1 {[%mdl 512]} Bf2 {[#]} (45... exf4 46. e5+) 46. exf5 $1 gxf5 47. fxe5+ {White mates.} Kxe5 48. Bd1 Kd6 49. Bxh5 Kc6 50. Bf3+ Kb6 {[#]} 51. h5 $1 {[%cal Rh5h6]} Kxa6 52. h6 Bh4 53. Kd5 f4 54. Ke6 Be1 55. Kf7 {Accuracy: White = 88%, Black = 41%.} 1-0

[Event "Teplice Open 2019"]
[Site "Teplice"]
[Date "2019.06.15"]
[Round "1.2"]
[White "Wenner, Tobias"]
[Black "Demchenko, Anton"]
[Result "0-1"]
[WhiteElo "2134"]
[BlackElo "2671"]
[Annotator "TA"]
[PlyCount "132"]
[EventDate "2019.06.15"]
[EventType "swiss"]
[EventCountry "CZE"]
[SourceTitle "playchess.com"]
[Source "ChessBase"]
[SourceQuality "1"]

{[%evp 19,132,4,23,20,20,13,27,0,0,-32,-20,-31,-34,-18,-22,-45,-24,-31,-37,-41,-25,-12,-17,-18,-18,-20,-8,-36,-9,-12,-11,-12,-9,-14,-13,-30,0,-7,0,-4,0,-9,0,-4,27,-62,-70,-65,-35,-43,0,0,0,-59,-54,-41,-42,-42,-33,-58,-50,-99,-6,-10,-11,-16,0,-97,0,0,0,0,0,-8,0,0,0,-11,0,0,0,0,0,0,0,0,0,0,0,0,0,0,0,0,0,0,0,0,0,-8,-8,-8,-8,-8,-8,-8,-8,-616,-609,-29970,-29971,-29967,-29970,-6095,-5756]} 1. Nf3 Nf6 2. c4 g6 3. g3 Bg7 4. Bg2 O-O 5. O-O d5 6. cxd5 Nxd5 7. Nc3 Nb6 8. d3 Nc6 {[%cal Bb8c6,Bc6e7,Be7f5,Bf5e3][%mdl 32]} 9. Be3 e5 10. Qd2 Re8 11. Bh6 {A16: English Opening: 1...Nf6 with ...d5} Bh8 12. Rfe1 $146 ({Predecessor:} 12. Rac1 Nd4 13. Nxd4 exd4 14. Ne4 Nd5 15. Qc2 c6 16. Rfe1 Re5 17. Qa4 a5 18. Bd2 Nb6 {½-½ (54) Fressinet,L (2715)-Kulaots,K (2574) Belfort 2012}) 12... Ne7 13. Rac1 {White has an edge.} Nf5 14. Bg5 f6 15. Be3 Nxe3 16. Qxe3 c6 17. b3 Be6 18. d4 exd4 19. Qxd4 f5 20. Qc5 Qe7 21. Qa5 Nd5 22. Nxd5 Bxd5 23. Nd2 Bf7 24. e3 Bb2 25. Rb1 Bg7 26. Red1 Rad8 $36 {[%mdl 2048] Black fights for an advantage.} 27. Nc4 b6 {[%cal Bb7b6,Bb6b5][%mdl 32]} 28. Qe1 (28. Qa6 {feels hotter.} Bd5 29. Bxd5+ cxd5 30. Na3 d4 31. Nc2) 28... c5 29. Bc6 Rf8 30. Qe2 Qe6 31. Qf3 g5 32. Bb7 (32. Bb5 $11) 32... b5 $15 {[#] And now ...g4 would win.} 33. Na3 $1 a6 34. Nc2 Bf6 35. Rxd8 Rxd8 36. Rd1 (36. e4 $11) 36... Rxd1+ 37. Qxd1 Kg7 38. Qd3 h6 39. Kg2 h5 40. h3 Kf8 ({Better is} 40... c4 $17 41. bxc4 bxc4) 41. e4 $11 Bg6 42. Qe3 Qd6 43. e5 (43. exf5 $11 {keeps the balance.} Bxf5 44. Ne1) 43... Bxe5 ({Black should try} 43... Qxe5 $17 {aiming for ...Qc7.} 44. Qxe5 Bxe5 45. Bxa6 f4) 44. Qxg5 f4 45. Ne1 fxg3 46. fxg3 Bf7 47. Nf3 Bf6 48. Qf5 Kg7 49. Be4 c4 50. bxc4 bxc4 51. g4 hxg4 52. hxg4 Qe6 53. Qh7+ Kf8 54. Qh6+ Ke7 55. Qf4 Qd6 56. Qe3 Kd8 57. g5 Be7 58. Nd4 Qc5 59. Nc6+ Ke8 60. Qxc5 Bxc5 {[%mdl 4096] Endgame KBB-KBN} 61. g6 Bg8 62. a4 c3 {[#] Hoping for ...Bb3.} 63. Kg3 $2 {[%mdl 8192]} (63. Ne5 $11) 63... Bb3 $19 64. Ne5 {intending g7.} Bd6 65. Kf4 Ke7 66. Kf5 Be6+ {Accuracy: White = 53%, Black = 59%.} 0-1

[Event "Teplice Open 2019"]
[Site "Teplice"]
[Date "2019.06.15"]
[Round "1.3"]
[White "Nisipeanu, Liviu-Dieter"]
[Black "Bosbach, Gerhard"]
[Result "1-0"]
[WhiteElo "2667"]
[BlackElo "2129"]
[Annotator "TA"]
[PlyCount "51"]
[EventDate "2019.06.15"]
[EventType "swiss"]
[EventCountry "CZE"]
[SourceTitle "playchess.com"]
[Source "ChessBase"]
[SourceQuality "1"]

{[%evp 16,51,29,20,20,16,14,6,26,22,29,29,66,65,76,63,69,76,73,73,218,250,254,224,421,416,413,399,314,286,595,437,529,515,471,492,472,462]} 1. e4 c5 2. Nf3 Nc6 3. Nc3 e6 4. d4 cxd4 5. Nxd4 Qc7 6. Be2 a6 7. O-O b5 8. Nxc6 dxc6 9. a4 {[%cal Ra4b5]} b4 {B47: Sicilian: Taimanov: 5 Nc3 Qc7 6 f4, 6 g3 and 6 Be2} 10. Nb1 {[%cal Bc3b1,Bb1d2,Bd2c4,Bc4b6][%mdl 32]} Nf6 11. Nd2 Bb7 {The position is equal.} 12. Bd3 a5 $146 ({Predecessor:} 12... c5 13. Qe2 Bd6 14. g3 Qc6 15. f3 Bc7 16. Nc4 O-O 17. e5 {½-½ (70) Rodshtein,M (2671)-Matlakov,M (2685) St Petersburg 2014}) 13. Nc4 Bc5 14. Qf3 Bd4 15. c3 bxc3 16. bxc3 Bxc3 17. Rb1 $36 {[%mdl 2048] Keeping Black busy.} Ba6 {[#]} (17... O-O $16 {was worth a try.}) 18. Nb6 $1 $18 {[%cal Rb6a8]} Rb8 19. Bxa6 Rxb6 $2 (19... Bd4) 20. Rxb6 Qxb6 21. Qxc3 Qxa6 {[#]} 22. Ba3 $1 {Rb1 is the strong threat.} Rg8 $2 (22... Qb7 23. Rd1 Qc7) 23. Rd1 {White is clearly winning.} Nd7 24. Qd4 {[%csl Gd1][%cal Rd4d7]} Qc8 25. Qd6 {[%csl Ga3][%cal Rd6e7]} c5 26. Rb1 {Accuracy: White = 98%, Black = 25%.} 1-0

[Event "Teplice Open 2019"]
[Site "Teplice"]
[Date "2019.06.15"]
[Round "1.4"]
[White "Eriksson, Christian Altenburg"]
[Black "Movsesian, Sergei"]
[Result "0-1"]
[WhiteElo "2122"]
[BlackElo "2639"]
[Annotator "TA"]
[PlyCount "162"]
[EventDate "2019.06.15"]
[EventType "swiss"]
[EventCountry "CZE"]
[SourceTitle "playchess.com"]
[Source "ChessBase"]
[SourceQuality "1"]

{[%evp 9,162,20,19,15,16,12,27,28,32,13,32,0,0,-48,-54,-69,-45,-58,-55,-66,0,-27,0,0,0,-25,-14,-46,-43,-54,-56,-50,-27,-35,-20,-12,-33,-80,-91,-77,117,106,120,129,132,57,55,49,47,22,37,-72,-75,-232,-52,-360,-328,-347,-326,-318,-293,-306,-55,-52,-8,-13,-8,-8,-8,-8,-8,-8,0,0,0,0,0,0,0,0,0,0,0,0,0,0,0,-8,16,0,31,25,27,51,36,0,80,80,80,80,80,80,80,14,80,0,70,83,80,52,75,0,0,0,0,0,0,0,0,0,0,0,0,0,0,-8,0,0,0,0,0,0,0,0,0,0,0,0,0,0,0,0,0,0,0,0,0,0,0,0,0,0,0,-29981,-29982]} 1. e4 c5 2. Nf3 d6 3. d4 cxd4 4. Qxd4 Bd7 5. Bc4 (5. c4 Nc6 6. Qe3 Nf6 7. Nc3 g6 8. h3 Bg7 9. Be2 O-O 10. O-O b6 11. Rd1 Rc8 12. Rb1 Nh5 13. b3 f5 {1-0 (40) Kovalev,V (2703)-Golubka,P (2468) Skopje 2019}) 5... Nc6 6. Qd3 {B53: Sicilian: 2...d6: Lines with Qxd4} Nf6 7. Nc3 g6 8. O-O {White has an edge.} Bg7 9. Re1 $146 ({Predecessor:} 9. h3 O-O 10. Bf4 Rc8 11. Rfd1 Nb4 12. Qe2 Nxc2 13. Bxf7+ Rxf7 14. Qxc2 {1-0 (37) Sollid,S (2014)-De Reymaeker,W (1889) Radebeul 2016}) 9... O-O 10. Bf4 Bg4 11. h3 Nb4 12. Qd2 Bxf3 $1 13. gxf3 Nh5 14. Be3 e5 (14... Rc8 $15 15. Bb3 Nc6) 15. Nd5 Nc6 16. c3 Kh8 17. Kh2 f5 18. Qe2 Nf4 19. Qf1 Qh4 20. Rad1 fxe4 21. fxe4 Nxd5 22. Bxd5 Bh6 23. Kg1 Rf3 $1 {[%cal Rf3h3]} 24. Qg2 Rxh3 $2 (24... Raf8 $17 {stays on course.} 25. Qg4 Bxe3 $1 {[%mdl 512]} 26. Qxh4 Bxf2+ 27. Qxf2 Rxf2) 25. Be6 $1 $16 {[%csl LRd6,LRh3][%mdl 64] Discovered Attack} Bxe3 26. Bxh3 Bb6 27. Rd3 (27. Rxd6 $16 {Rf1 is the strong threat.} Rf8 28. Re2) 27... Rf8 $14 28. Rf3 Rf4 $1 29. Re2 Qf6 30. Rxf4 (30. Bg4 $14 {keeps the upper hand.}) 30... exf4 $17 31. Qg4 $2 (31. Rc2 $17 {was worth a try.}) 31... f3 $2 ({Black should play} 31... Ne5 $1 $19 {[%cal Re5g4]} 32. Qe6 (32. Qc8+ $2 Kg7 $19) 32... Qg5+ 33. Kf1 Qh4) 32. Re1 $2 {[%mdl 8192]} (32. Rd2 $15) 32... Ne5 $19 33. Qg3 h5 $1 {[%cal Rh5h4]} 34. Rd1 h4 35. Qh2 Kg7 $2 (35... g5 $1 $19 36. Bf5 g4) 36. Kh1 $15 a5 (36... g5 $5 {[%cal Rg5g4]} 37. Rd5 g4 38. Rxe5 g3 $17) 37. Qg1 Bc5 38. b4 axb4 39. cxb4 Bxb4 40. Rb1 $132 {[%mdl 2048] White is not holding back} Bd2 41. Rxb7+ Kh6 $1 42. Qd1 Qf4 {Hoping for ...Nd3.} 43. Rb2 Ba5 44. Rb5 Bd8 45. Rb8 ({Not} 45. Qxd6 $2 Qc1+ 46. Kh2 Ng4+ $1 {[%mdl 512]} 47. Bxg4 Bc7 $19) 45... Bg5 46. Rh8+ Kg7 47. Ra8 Qxe4 48. Ra4 Qc6 49. Rd4 Qb6 50. Kg1 {[%mdl 1024] White has compensation.} Be7 51. a4 g5 52. Rd5 Qb4 {[#]} (52... Qc6 $11) 53. a5 $1 $16 {[%cal Ra5a6] aiming for a6.} g4 54. Rd4 Qxa5 55. Bxg4 Qc3 56. Rf4 (56. Bh3 $16) 56... Kh6 (56... d5 $11 {keeps the balance.}) 57. Rd4 ({Don't play} 57. Bxf3 Kg5 $15) (57. Re4 $16) 57... Qb2 (57... Kg7 $1 $11) 58. Bh3 $14 Kg7 59. Rd2 Qb5 60. Rxd6 (60. Qa1 $16) 60... Bxd6 $11 61. Qxd6 Ng6 62. Qd4+ Qe5 63. Qa7+ Kf6 64. Qb6+ Kg5 65. Qd8+ Kh6 66. Qb6 Qg5+ 67. Kh1 Kh5 {Threatens to win with ...Nf4.} 68. Qc6 Qf4 69. Qd5+ Ne5 70. Qc5 Qf6 71. Qd5 Kh6 72. Qd2+ Kg7 73. Qc3 Nf7 74. Qb4 Kh6 75. Qf8+ Kh5 76. Qc5+ Ng5 77. Bd7 Qa1+ 78. Kh2 Qe1 79. Qd4 Qe7 80. Qh8+ Kg6 81. Bg4 $2 {[%mdl 8192]} (81. Qg8+ $11 Qg7 82. Qd5) 81... Qc7+ {Accuracy: White = 53%, Black = 53%.} 0-1

[Event "Teplice Open 2019"]
[Site "Teplice"]
[Date "2019.06.15"]
[Round "1.5"]
[White "Banusz, Tamas"]
[Black "Uhl, Michael"]
[Result "1-0"]
[WhiteElo "2629"]
[BlackElo "2121"]
[Annotator "TA"]
[PlyCount "45"]
[EventDate "2019.06.15"]
[EventType "swiss"]
[EventCountry "CZE"]
[SourceTitle "playchess.com"]
[Source "ChessBase"]
[SourceQuality "1"]

{[%evp 20,45,40,36,166,129,121,121,170,187,216,211,243,236,224,217,266,256,256,261,512,512,787,800,1097,706,641,620]} 1. Nf3 d5 2. g3 Nf6 3. Bg2 e6 4. O-O c5 5. d4 Nc6 6. c4 cxd4 7. Nxd4 Be7 8. Nc3 O-O 9. cxd5 exd5 10. Bg5 Be6 11. Rc1 Rc8 {D34: Tarrasch Defence: 6 g3 Nf6 7 Bg2 Be7} (11... Qd7 $14) (11... h6 12. Be3 Qd7 13. Qa4 Rfc8 14. Rfd1 Ng4 15. Nxc6 bxc6 16. Bd4 Nf6 17. e4 Bg4 18. Rd2 Nxe4 19. Nxe4 dxe4 {½-½ (33) Georgiev,K (2662)-Berg,E (2583) Gibraltar 2008}) 12. Nxe6 $18 fxe6 13. Bh3 $1 {[%cal Rh3e6]} Qd7 {[#]White is better.} 14. e4 $1 {[%cal Re4d5][%mdl 512] Threatens to win with exd5.} Rcd8 {[#]} (14... dxe4 15. Qxd7) 15. Bxf6 $1 Bxf6 16. exd5 Nd4 $146 ({Predecessor:} 16... Qe7 17. Bxe6+ Kh8 18. Qg4 Ne5 19. Qe4 {1-0 (30) Genov,P (2478)-Johnen,F (1866) Dresden 2009}) 17. Re1 Qd6 18. dxe6 Qb6 19. Bg2 {aiming for Nd5.} Bg5 $2 (19... Nxe6 {might work better.} 20. Nd5 Qd6) 20. Nd5 {White is clearly winning.} Qxb2 (20... Rxd5 $142 21. Bxd5 Be7) 21. f4 Bf6 22. e7 Bxe7 23. Rxe7 {Accuracy: White = 97%, Black = 18%.} 1-0

[Event "Teplice Open 2019"]
[Site "Teplice"]
[Date "2019.06.15"]
[Round "1.6"]
[White "Mlynek, Petr"]
[Black "Tari, Aryan"]
[Result "0-1"]
[WhiteElo "2119"]
[BlackElo "2623"]
[Annotator "TA"]
[PlyCount "107"]
[EventDate "2019.06.15"]
[EventType "swiss"]
[EventCountry "CZE"]
[SourceTitle "playchess.com"]
[Source "ChessBase"]
[SourceQuality "1"]

{[%evp 10,107,12,21,41,36,39,11,15,8,27,-22,-34,-32,14,-42,-48,-48,-53,-65,-48,-55,0,0,0,0,4,-29,-25,-12,-19,-39,-49,-35,-15,-20,-15,-42,-30,-48,-35,-35,-28,-45,1,0,0,0,0,0,0,-62,-73,-98,-37,-38,-35,-37,-15,-11,-13,-18,0,0,0,-123,-124,-131,-126,-128,-88,-110,-58,-58,-58,-54,-8,-8,-8,-8,-8,-8,-8,-8,-8,-433,-424,-1512,-1490,-1319,-1319,-29963,-29963,-29960,-29960,-29960,-29961,-29961,-29957,-5122]} 1. d4 d5 2. c4 e6 3. Nf3 Nf6 4. g3 dxc4 5. Bg2 Bb4+ 6. Bd2 c5 {E04: Open Catalan: 5 Nf3} (6... a5 7. a3 Bxd2+ 8. Nbxd2 b5 9. b3 cxb3 10. Qxb3 c6 11. O-O O-O 12. Rfc1 Bb7 13. Qb2 Nbd7 14. Ne1 Qb8 {0-1 (55) Bluebaum,M (2620)-Anand,V (2773) Germany 2019}) 7. Bxb4 cxb4 8. Qa4+ Nc6 {The position is equal.} 9. Ne5 Nd5 (9... O-O {is more complex.} 10. Nxc6 bxc6 11. Qxb4 Ba6 12. Nc3 Rb8) 10. Nxc4 $146 ({Predecessor:} 10. Nxc6 bxc6 11. e4 Nb6 12. Qxb4 Qxd4 13. Nc3 Nd7 14. Na4 {0-1 (46) Andersen,L (2302)-Tari,A (2581) Norway 2017}) 10... O-O 11. e3 Rb8 {Hoping for ...b5.} (11... Qc7 $5 {[%cal Rc6d4]}) 12. Ne5 (12. Qc2 $11) 12... Nxe5 $15 13. dxe5 Qc7 {And now ...Bd7 would win.} 14. O-O b5 15. Qb3 Bb7 (15... a5 $15) 16. e4 $11 Ne7 17. Qxb4 Nc6 18. Qc5 (18. Qxb5 {looks sharper.} Nxe5 19. Qa4 Qb6 20. Qb3 Ba6 21. Rd1) 18... Qxe5 19. Qxe5 Nxe5 20. Nc3 a6 21. Rfd1 $1 Rfc8 22. Rac1 Kf8 23. Kf1 Rc7 24. Ne2 Rxc1 (24... Rbc8 {seems wilder.} 25. Rxc7 Rxc7 26. Nd4 Ke7 27. Ke2 f5) 25. Nxc1 Rc8 26. Nd3 Ng4 27. h3 Nf6 28. f3 Rc2 29. Rc1 Rd2 30. Ne5 ({White should try} 30. Ne1 $11) 30... Ne8 $15 ({Don't play} 30... Rxb2 $6 31. Rc7 $14) 31. a3 a5 (31... Rxb2 $17 32. Kg1 Rd2) 32. b4 axb4 33. axb4 f6 (33... Rd4 {keeps more tension.} 34. Rb1 f6 35. Ng4 Nd6 36. Ne3 f5) 34. Nc6 Bxc6 35. Rxc6 $11 {[%mdl 4096] Endgame KRB-KRN} Nd6 36. h4 f5 37. exf5 (37. e5 $11 Nc4 38. Bh3) 37... Nxf5 $17 {Strongly threatening ...Ne3+.} 38. Bh3 Nxg3+ 39. Ke1 {[#]} Re2+ $1 40. Kd1 Rh2 (40... Ke7 $17 41. Bg4 Re5) 41. Bxe6 $15 Rxh4 42. Rc7 g6 43. Rf7+ Ke8 44. Rb7 Rxb4 45. Rxh7 Rd4+ 46. Ke1 Rd6 47. Kf2 $2 {[%mdl 8192]} (47. Ba2 $11 {and White has nothing to worry.}) 47... Rxe6 $19 48. Kxg3 {[#] KR-KR} (48. Rb7 $142 Nf5 49. Rxb5) 48... Rb6 $1 49. Kf4 b4 {[%cal Bb5b4,Bb4b3,Bb3b2][%mdl 32]} 50. Ke5 b3 {Black mates.} 51. Rh1 b2 52. Rb1 Ke7 53. Kd5 Kf6 54. Kd4 {Accuracy: White = 47%, Black = 63%.} 0-1

[Event "Teplice Open 2019"]
[Site "Teplice"]
[Date "2019.06.15"]
[Round "1.7"]
[White "Van Foreest, Jorden"]
[Black "Montgomery, Jan Elkjaer Frantsen"]
[Result "1-0"]
[WhiteElo "2610"]
[BlackElo "2115"]
[Annotator "TA"]
[PlyCount "83"]
[EventDate "2019.06.15"]
[EventType "swiss"]
[EventCountry "CZE"]
[SourceTitle "playchess.com"]
[Source "ChessBase"]
[SourceQuality "1"]

{[%evp 18,83,44,21,31,30,25,31,37,8,15,12,3,16,12,0,4,-17,18,7,45,37,52,33,30,41,102,97,97,99,104,103,109,106,107,97,103,75,68,62,100,36,69,60,60,0,52,44,50,69,149,136,122,16,253,170,152,152,158,155,155,155,366,465,429,448,483,472]} 1. c4 e6 2. Nc3 d5 3. d4 Nf6 4. cxd5 exd5 5. Bg5 Be7 6. e3 Nbd7 7. Bd3 c6 8. Qc2 Nh5 9. Bxe7 Qxe7 10. Nge2 Nhf6 {D36: Queen's Gambit Declined: Exchange Variation: Main line (5 Bg5 c6 6 Qc2)} (10... g6 11. O-O O-O 12. Rae1 Ndf6 13. Nc1 Bd7 14. f3 Rfe8 15. Nb3 b6 16. e4 Nf4 17. Qd2 Nxd3 18. Qxd3 Rad8 19. Qe3 Be6 20. e5 Nd7 {0-1 (56) Robson,R (2667)-Akobian,V (2625) Saint Louis 2019}) 11. O-O-O Nb6 12. Kb1 Be6 {White is slightly better.} 13. Rc1 O-O-O 14. Na4 Nxa4 $146 ({Predecessor:} 14... Nfd7 15. Ba6 Nb8 16. Nxb6+ axb6 17. Bd3 Qb4 18. a3 {1-0 (72) Reimanis,R (2335)-Parnali,S (2082) chess.com INT 2018}) 15. Qxa4 Kb8 16. Rc2 Nd7 17. Nf4 Nb6 18. Qb3 g5 19. Nxe6 Qxe6 20. Rhc1 Rd6 21. a4 {[%cal Ba2a4,Ba4a5,Ba5a6][%mdl 32]} Qd7 (21... h5 $14) 22. a5 $16 Nc8 23. a6 b6 24. e4 Ne7 25. e5 Rh6 26. Be2 f5 27. exf6 Rxf6 28. Qe3 Qd6 29. Bd3 (29. Bg4 $16) 29... h6 $1 $14 30. Re1 Nc8 $1 31. Rec1 Ne7 $1 32. Re2 Nc8 33. g4 b5 ({Black should play} 33... Qxh2 $14 34. Rec2 Qf4) 34. Bf5 $16 Rd8 35. Qe5 ({White should try} 35. Qc3 $16) 35... Nb6 $2 {[#]} (35... Kc7 $1 $11) 36. Qe7 Qxe7 37. Rxe7 Nc4 38. Rb7+ Ka8 39. Re1 $40 {[%mdl 128] [#] Strongly threatening Ree7. Black is in trouble.} c5 $2 (39... b4 $16 40. Ree7 (40. Rxb4 Nd6 $14) 40... Nd6) 40. Rd7 $18 {[%cal Rd7d8]} ({Not} 40. Rxb5 Nd2+ 41. Kc1 Nf3 $11) ({Weaker is} 40. dxc5 Nd2+ 41. Kc2 Nf3 $18) 40... Rdf8 41. dxc5 Rxa6 42. Be6 {Accuracy: White = 58%, Black = 43%.} 1-0

[Event "Teplice Open 2019"]
[Site "Teplice"]
[Date "2019.06.15"]
[Round "1.8"]
[White "Riebel, Werner"]
[Black "Lagarde, Maxime"]
[Result "0-1"]
[WhiteElo "2115"]
[BlackElo "2599"]
[Annotator "ChessBase"]
[PlyCount "58"]
[EventDate "2019.06.15"]
[EventType "swiss"]
[EventCountry "CZE"]
[SourceTitle "playchess.com"]
[Source "ChessBase"]
[SourceQuality "1"]
[TimeControl "40/5400+30:1800+30"]

1. d4 {[%emt 0:00:00]} Nc6 {[%emt 0:00:00]} 2. Bg5 {[%emt 0:00:19]} d5 {[%emt 0:03:25]} 3. e3 {[%emt 0:01:24]} Bf5 {[%emt 0:00:47]} 4. c4 {[%emt 0:04:38]} f6 {[%emt 0:01:32]} 5. cxd5 {[%emt 0:01:48]} Qxd5 {[%emt 0:00:52]} 6. Nc3 {[%emt 0:00:29]} Qa5 {[%emt 0:00:55]} 7. Bh4 {[%emt 0:00:46]} O-O-O {[%emt 0:01:08]} 8. Qb3 {[%emt 0:03:03]} e5 {[%emt 0:01:39]} 9. dxe5 {[%emt 0:03:29]} Nxe5 {[%emt 0:02:03]} 10. Bg3 {[%emt 0:01:42]} Bb4 {[%emt 0:03:14]} 11. Bxe5 {[%emt 0:01:51]} fxe5 {[%emt 0:00:08]} 12. Bc4 {[%emt 0:00:48]} Be4 {[%emt 0:06:55]} 13. Nge2 {[%emt 0:04:16]} Bxg2 {[%emt 0:01:00]} 14. Rg1 {[%emt 0:00:34]} Bf3 {[%emt 0:01:53]} 15. Rxg7 {[%emt 0:01:28]} Nf6 {[%emt 0:00:27]} 16. a3 {[%emt 0:03:21]} Bxe2 {[%emt 0:03:04]} 17. Bxe2 {[%emt 0:05:29]} Bxc3+ {[%emt 0:00:43]} 18. bxc3 {[%emt 0:01:17]} Rd6 {[%emt 0:03:09]} 19. Rc1 {[%emt 0:07:37]} Rhd8 {[%emt 0:02:02]} 20. Rd1 {[%emt 0:03:37]} Rxd1+ {[%emt 0:06:04]} 21. Bxd1 {[%emt 0:00:12]} Kb8 {[%emt 0:06:23]} 22. Be2 {[%emt 0:05:45]} e4 {[%emt 0:06:29]} 23. Kf1 {[%emt 0:10:34]} Qe5 {[%emt 0:03:41]} 24. Ba6 {[%emt 0:02:56]} Qd5 {[%emt 0:01:32]} 25. Bc4 {[%emt 0:00:41]} Qh5 {[%emt 0:02:03]} 26. Be2 {[%emt 0:01:22]} Qxh2 {[%emt 0:02:38]} 27. Ba6 {[%emt 0:01:43]} b6 {[%emt 0:01:08]} 28. Qf7 {[%emt 0:02:56]} Qh1+ {[%emt 0:00:09] Qb3 Qh2 Qa4 Qh3+} 29. Ke2 {[%emt 0:00:08]} Nd7 {[%emt 0:00:16] Qc6 Nf6 Qa4 Qh2 Kf1} 0-1

[Event "Teplice Open 2019"]
[Site "Teplice"]
[Date "2019.06.15"]
[Round "1.9"]
[White "Santos Latasa, Jaime"]
[Black "Brejnik, Gustav"]
[Result "1/2-1/2"]
[WhiteElo "2588"]
[BlackElo "2114"]
[Annotator "TA"]
[PlyCount "120"]
[EventDate "2019.06.15"]
[EventType "swiss"]
[EventCountry "CZE"]
[SourceTitle "playchess.com"]
[Source "ChessBase"]
[SourceQuality "1"]

{[%evp 9,120,20,31,14,35,31,35,34,41,46,43,40,36,41,47,41,42,45,51,47,45,4,25,0,26,4,21,6,4,8,18,19,31,26,31,25,29,22,97,43,50,42,43,22,23,26,26,-38,-29,-33,-27,-33,-29,-22,-23,-26,-29,-38,-30,-46,-22,-22,-24,-22,-25,-29,-29,-117,-125,-85,-36,-36,-36,-35,-36,-36,-29,-72,-93,-75,-85,-95,-22,-65,-43,-50,-49,-43,-50,-49,-8,-8,-8,-8,-8,-8,-8,-8,-8,-8,-8,-8,0,-8,0,-8,0,-8,0,-8,-8,-8,-8]} 1. d4 Nf6 2. c4 e6 3. Nc3 Bb4 4. e3 c5 5. Nge2 d6 6. dxc5 {E42: Nimzo-Indian: Rubinstein: 4...c5 5 Ne2} dxc5 7. Qxd8+ Kxd8 8. Bd2 {White is slightly better.} Ke7 9. Nf4 Nc6 10. Nd3 b6 11. a3 Ba5 12. Rb1 {Threatens to win with b4.} Bxc3 13. Bxc3 {[#]} Rd8 $146 ({Predecessor:} 13... Ba6) 14. f3 a5 15. Be2 Ba6 16. Nf2 Ne8 17. g4 Nd6 18. Bxg7 {Threatening g5.} Rg8 19. Bc3 Nxc4 20. Nd1 N4e5 21. Bxa6 Rxa6 22. Ke2 b5 23. Be1 Nc4 (23... f5 $11) 24. Bh4+ (24. Nc3 $16) 24... f6 $14 25. Nf2 Nd6 26. Nd3 c4 27. Nc5 Rb6 28. Bxf6+ ({White should play} 28. Rhg1 $11) 28... Kxf6 $15 29. Nd7+ {[%mdl 64] Double Attack} Ke7 30. Nxb6 Rb8 31. Nxc4 $1 bxc4 32. Rhc1 Ne5 33. Rc2 a4 {[%mdl 1024] Black has compensation.} 34. h4 Nd3 35. g5 Kf7 36. h5 Rb5 37. f4 e5 38. f5 (38. fxe5 $11 {remains equal.} Rxe5 39. Rg1) 38... e4 $17 39. g6+ hxg6 40. fxg6+ Kg7 41. Rh1 {And now h6+ would win.} Nf5 {Strongly threatening ...Ng3+.} 42. Kd2 Ne5 {White must now prevent ...Kh6.} 43. Rh3 Rb3 44. Kc1 {[#]} Kh6 $1 ({Inferior is} 44... Rxe3 45. Rxe3 Nxe3 46. Re2 $16) ({Don't play} 44... Nxe3 45. h6+ Kxg6 46. h7 $11) 45. Kb1 {[#]} Rd3 (45... Rxe3 46. Rxe3 Nxe3 47. Re2 $16) ({Black should try} 45... Nf3 $1 $17 46. Rc3 Nxe3) 46. Rf2 Nf3 47. Rhxf3 exf3 48. Rxf3 Nxe3 $15 {[%mdl 4096] Endgame aiming for ...Rd1+. KRN-KR} 49. Ka2 $1 Nc2 (49... Rb3 $5 {[%cal Re3d1]} 50. Rf4 Rb5 $17) 50. Rxd3 {The position is equal.} cxd3 $11 {KN-KP} 51. Kb1 Ne3 {( -> ...d2)} 52. Kc1 Nc4 53. Kd1 Kg7 54. Kc1 $1 Kf6 55. Kd1 Kg7 56. Kc1 $1 Kh6 57. Kd1 Kg7 58. Kc1 Kf6 59. Kd1 Nxb2+ 60. Kd2 Nc4+ {Accuracy: White = 65%, Black = 56%.} 1/2-1/2